Housing an Indian perspective (Record no. 8819)
[ view plain ]
| 000 -LEADER | |
|---|---|
| fixed length control field | 00325nam a2200133 4500 |
| 003 - CONTROL NUMBER IDENTIFIER | |
| control field | OSt |
| 005 - DATE AND TIME OF LATEST TRANSACTION | |
| control field | 20210223114506.0 |
| 008 - FIXED-LENGTH DATA ELEMENTS--GENERAL INFORMATION | |
| fixed length control field | 210223b ||||| |||| 00| 0 eng d |
| 082 ## - DEWEY DECIMAL CLASSIFICATION NUMBER | |
| Classification number | 363.509 |
| Item number | GUH |
| 100 ## - MAIN ENTRY--PERSONAL NAME | |
| Personal name | Guha P K |
| 245 ## - TITLE STATEMENT | |
| Title | Housing an Indian perspective |
| 260 ## - PUBLICATION, DISTRIBUTION, ETC. (IMPRINT) | |
| Place of publication, distribution, etc | India |
| Name of publisher, distributor, etc | New central book agency |
| Date of publication, distribution, etc | 1999 |
| 942 ## - ADDED ENTRY ELEMENTS (KOHA) | |
| Source of classification or shelving scheme | |
| Withdrawn status | Lost status | Source of classification or shelving scheme | Damaged status | Koha normalized classification for sorting | Not for loan | Permanent location | Current location | Date acquired | Total Checkouts | Full call number | Barcode | Date last seen | Date last borrowed | Price effective from | Koha item type |
|---|---|---|---|---|---|---|---|---|---|---|---|---|---|---|---|
| 363_509000000000000_GUH | BMS College of Architecture, Design and Planning | BMS College of Architecture, Design and Planning | 2021-02-23 | 3 | 363.509 GUH | AR-PG409 | 2026-04-17 | 2026-04-09 | 2021-02-23 | PG Books | |||||
| 363_509000000000000_GUH | BMS College of Architecture, Design and Planning | BMS College of Architecture, Design and Planning | 2021-02-23 | 1 | 363.509 GUH | AR-PG410 | 2023-05-18 | 2023-03-20 | 2021-02-23 | PG Books | |||||
| 363_509000000000000_GUH | BMS College of Architecture, Design and Planning | BMS College of Architecture, Design and Planning | 2021-02-23 | 363.509 GUH | AR-PG411 | 2021-02-23 | 2021-02-23 | PG Books |